|
|
|
|
| LEADER |
00570nam a22001577a 4500 |
| 003 |
OSt |
| 005 |
20200624134630.0 |
| 008 |
160419b xxu||||| |||| 00| 0 eng d |
| 082 |
|
|
|a 851.3 RAV/U
|
| 100 |
|
|
|a Ravivarma Koyithampuran, Changanacherry
|
| 245 |
|
|
|a Ushakalyanam/
|c Changanacherry Ravivarma Koyithampuran
|
| 260 |
|
|
|a Trichur:
|b Kerala Sahithya Akademi,
|c 1962
|
| 300 |
|
|
|a 73p.
|
| 942 |
|
|
|2 ddc
|c BK
|
| 999 |
|
|
|c 328512
|d 328512
|
| 952 |
|
|
|0 0
|1 0
|2 ddc
|4 0
|6 851_300000000000000_RAV_U
|7 0
|9 375102
|a CSC
|b CSC
|c ST1
|d 2016-04-19
|i 10877
|l 0
|o 851.3 RAV/U
|p CSC10877
|r 2016-04-19
|w 2016-04-19
|y BK
|